Loading...
| History - European | 0 | 6 | 0 | 0 | 60 | 74 | 97.33 | 0 | 1 | 0.00 | 0.00 |
| History - American | 0 | 5 | 0 | 1 | 50 | 77 | 95.60 | 1 | 4 | 0.00 | 0.00 |
| Religion | 0 | 4 | 0 | 0 | 40 | 57 | 105.25 | 1 | 2 | 0.00 | 0.00 |
| History - World | 0 | 4 | 1 | 0 | 35 | 90 | 104.75 | 0 | 2 | 0.00 | 0.00 |
| Fine Arts - Other | 0 | 3 | 0 | 0 | 30 | 73 | 87.00 | 1 | 2 | 0.00 | 0.00 |
| Science - Chemistry | 0 | 4 | 2 | 0 | 30 | 97 | 114.25 | 0 | 0 | 0.00 | 0.00 |
| Philosophy | 0 | 3 | 0 | 0 | 30 | 72 | 84.00 | 1 | 3 | 0.00 | 0.00 |
| Fine Arts - Classical Music | 0 | 3 | 0 | 1 | 30 | 125 | 129.33 | 0 | 0 | 0.00 | 0.00 |
| Science - Physics | 0 | 3 | 1 | 2 | 25 | 81 | 109.33 | 0 | 2 | 0.00 | 0.00 |
| Science - Biology | 0 | 3 | 2 | 0 | 20 | 72 | 92.33 | 0 | 2 | 0.00 | 0.00 |
| Social Science | 0 | 1 | 0 | 0 | 10 | 118 | 118.00 | 0 | 0 | 0.00 | 0.00 |
| Geography | 0 | 1 | 0 | 0 | 10 | 75 | 75.00 | 0 | 1 | 0.00 | 0.00 |
| Mythology | 0 | 1 | 0 | 0 | 10 | 127 | 127.00 | 0 | 0 | 0.00 | 0.00 |
| Current Events | 0 | 1 | 0 | 0 | 10 | 114 | 114.00 | 0 | 0 | 0.00 | 0.00 |
| Science - Other | 0 | 0 | 0 | 0 | 0 | 0.00 | 0 | 0 | 0.00 | 0.00 | |
| History - Other | 0 | 0 | 1 | 0 | -5 | 0.00 | 0 | 0 | 0.00 | 0.00 |